000
00249nam a2200097Ia 4500
008
230907s9999||||xx |||||||||||||| ||und||
082
_a
388.312
_b
TRA
245
0
_a
Transportation and power grid in smart cities :
300
_a
651 pages.
942
_c
BK
999
_c
599963
_d
599963